000 00916nam a2200265Ia 4500
003 OSt
005 20220923211000.0
006 a|||||r|||| 00| 0
007 ta
008 220922b |||||||| |||| 00| 0 hin d
020 _a8170161894 (hbk)
_c100
024 _a234,356
037 _b430, 04/03/2008, University Book House
_cTextual
040 _aARTS
_cARTS
_bhin
041 _2hin
_ahin
082 _aO152,3N42,AA, N4;N6
100 _aखेतान, प्रभा
_9156290
245 0 _aअपने अपने चेहरे
246 _aApane apane chehare
260 _aनयी दिल्ली
_b किताबघर
_c1994
300 _a216पृ.
_ccm.
650 _aहिन्दी साहित्य
_9156264
942 _hO152,3N42,AA, N4;N6
_cTEXL
_2CC
999 _c293472
_d293472